00469nam a2200157Ia 4500003000400000008004100004040001600045082001600061100002300077245008600100260003400186300002800220650002200248650002500270650001600295GCL140319s9999 xx 000 0 eng d aGCL / cGCL04a604.24bG E1 aGALAL, S.A. SHAWKI10aENGINEERING GRAPHIC LANGUAGE : bCONCEPTS AND APPLICATIONS / cGALAL, S.A. SHAWKI aقطر : bAL-AHLEIA P. PRESS a363 PbILL. ؛ c30 cm.04aCOMPUTER GRAPHICS04aENGINEERING GRAPHICS04aENGINEERING